| 000 | 00689aam a2200229 4500 | ||
|---|---|---|---|
| 005 | 20170920111837.0 | ||
| 008 | 150610b xxu||||| |||| 00| 0 spa d | ||
| 041 | _aEspañol | ||
| 082 | _a972.863 Z25d | ||
| 100 |
_aZamora Hernández, Carlos Manuel _944173 |
||
| 100 |
_aVargas Cambronero, Gerardo _923988 |
||
| 245 | _aCircuito de turismo cultural: distrito el Carmen Ciudad de San José | ||
| 260 |
_aCosta Rica _bMinisterio de Cultura y Juventud _c2008 |
||
| 300 | _a60 páginas | ||
| 650 |
_aCOSTA RICA _944174 |
||
| 650 |
_aSAN JOSÉ _91091 |
||
| 650 |
_aVIAJES _96013 |
||
| 650 |
_aDISTRITO EL CARMEN _944175 |
||
| 650 |
_aTURISMO _9894 |
||
| 650 |
_aGUÍAS _9738 |
||
| 942 | _cBK | ||
| 999 |
_c2739 _d2739 |
||